Climate Refugees in Conflict Zones: (Record no. 615637)

000 -LEADER
fixed length control field 00440nam a22001337a 4500
082 ## - DEWEY DECIMAL CLASSIFICATION NUMBER
Classification number 340
Author Mark ZAI
100 ## - MAIN ENTRY--PERSONAL NAME
Personal name Zainab, Dina
245 ## - TITLE STATEMENT
Title Climate Refugees in Conflict Zones:
Remainder of title Legal Gaps and Economic Strains in International Law /
Statement of responsibility, etc. Dina Zainab
260 ## - PUBLICATION, DISTRIBUTION, ETC.
Place of publication, distribution, etc. Islamabad :
Name of publisher, distributor, etc. NUST Law School,
Date of publication, distribution, etc. 2025.
300 ## - PHYSICAL DESCRIPTION
Extent 37 p. ;
Dimensions 30 CM.
563 ## - BINDING INFORMATION
Binding note HBK.
856 ## - Uniform Resource Identifier
Uniform Resource Identifier <a href="http://10.250.8.41:8080/xmlui/handle/123456789/56182">http://10.250.8.41:8080/xmlui/handle/123456789/56182</a>
942 ## - ADDED ENTRY ELEMENTS (KOHA)
Source of classification or shelving scheme
Koha item type Project Report
Holdings
Withdrawn status Lost status Source of classification or shelving scheme Damaged status Not for loan Permanent Location Current Location Date acquired Total Checkouts Full call number Barcode Date last seen Price effective from Koha item type
          NUST Law School (NLS) NUST Law School (NLS) 12/18/2025   340 ZAI NLSP-25 12/18/2025 12/18/2025 Project Report
© 2023 Central Library, National University of Sciences and Technology. All Rights Reserved.